[Event "Marseille"]
[Site "Marseille"]
[Date "1990.??.??"]
[Round "3"]
[White "Bareev, Evgeny"]
[Black "Todorcevic, Miodrag"]
[Result "1-0"]
[WhiteElo "2590"]
[BlackElo "2540"]
[Annotator "King,D"]
[PlyCount "81"]
[EventDate "1990.06.??"]
[EventType "tourn"]
[EventRounds "9"]
[EventCountry "FRA"]
[EventCategory "11"]
[SourceTitle "CBM 020"]
[Source "ChessBase"]
[SourceDate "1991.02.01"]
[SourceVersion "1"]
[SourceVersionDate "1991.02.01"]
[SourceQuality "1"]

1. d4 g6 2. e4 Bg7 3. Nc3 d6 4. f4 Nf6 5. Nf3 O-O 6. Be3 Na6 7. e5 Ng4 8. Bg1
c5 9. h3 cxd4 10. Qxd4 Nh6 11. O-O-O Qa5 12. g4 Be6 (12... Bd7 13. Nd5 Qxa2 $13
{Tseshkovsky-Vadasz 1978, Inf.26/188.}) 13. Qa4 Qxa4 14. Nxa4 dxe5 15. fxe5 $16
Nb4 16. a3 Nc6 17. Nc5 Bc8 18. Be3 b6 19. Bb5 Nxe5 20. Nxe5 bxc5 21. Nc6 Bb7
22. Rd7 Bxc6 23. Bxc6 Rab8 24. c3 f5 25. Bxc5 fxg4 26. Bxa7 Rbc8 27. Bb7 Rce8
28. a4 gxh3 29. a5 Ng4 30. Rxh3 e5 31. a6 e4 32. Bd4 Rf1+ 33. Kc2 Bxd4 34. Bd5+
Kf8 35. cxd4 Rc8+ 36. Kb3 Nf6 37. Rf7+ Ke8 38. a7 Rf5 39. Rxf6 Rxf6 40. a8=Q
Rb6+ 41. Ka2 1-0

[Event "Sydney Mercantile"]
[Site "Sydney"]
[Date "1991.??.??"]
[Round "9"]
[White "Wang, Zili"]
[Black "Antonio, Rogelio Jr"]
[Result "0-1"]
[WhiteElo "2500"]
[BlackElo "2490"]
[Annotator "King,D"]
[PlyCount "124"]
[EventDate "1991.04.??"]
[EventType "tourn"]
[EventRounds "9"]
[EventCountry "AUS"]
[EventCategory "10"]
[SourceTitle "CBM 023"]
[Source "ChessBase"]
[SourceDate "1991.08.01"]
[SourceVersion "1"]
[SourceVersionDate "1991.08.01"]
[SourceQuality "1"]

1. e4 d6 2. d4 Nf6 3. Nc3 g6 4. f4 Bg7 5. Nf3 O-O 6. Bd3 Nc6 7. e5 dxe5 8. dxe5
Nd5 9. Nxd5 (9. Bd2) 9... Qxd5 10. Qe2 Bf5 11. Bxf5 gxf5 12. O-O Rad8 13. Be3
f6 14. exf6 Bxf6 {This line is well known to be completely equal.} 15. c3 Kh8
16. Bf2 Qe4 17. Qb5 Qxf4 18. Qxb7 Qd6 19. Qb5 Qd5 20. Qe2 e5 21. Bh4 Qc5+ 22.
Kh1 Qe7 23. Qc4 Rd6 24. Bxf6+ Rdxf6 25. Rae1 e4 26. Nh4 Ne5 27. Qe2 Qf7 28. b3
Nd3 29. Rd1 Qg7 30. Rxd3 exd3 31. Qxd3 Qg4 32. Nf3 Rg8 33. Qd2 Rd6 34. Qf2 Re6
35. c4 Re4 36. Rg1 a6 37. Qd2 Qg7 38. Qc2 h6 39. Qd2 Kh7 40. Qf2 Qe7 41. Nd2
Re5 42. h3 Rg6 43. Nf3 Re2 44. Qd4 Qe4 45. Qd8 Rg7 46. Qf6 a5 47. a3 Re3 48. b4
Rxa3 49. bxa5 Rxa5 50. Nd4 Qe5 51. Qd8 Rc5 52. Nf3 Qe6 53. Re1 Qxc4 54. Nh4 Re5
55. Rd1 Qe6 56. Nf3 Re2 57. Rg1 Qg6 58. Nh4 Qg5 59. Qd3 Rf2 60. Nf3 Qf4 61. Qc3
Qg3 62. Qc5 Rxf3 0-1

[Event "Sydney Mercantile"]
[Site "Sydney"]
[Date "1991.??.??"]
[Round "1"]
[White "Rogers, Ian"]
[Black "Ftacnik, Lubomir"]
[Result "1/2-1/2"]
[WhiteElo "2545"]
[BlackElo "2590"]
[Annotator "King,D"]
[PlyCount "87"]
[EventDate "1991.04.??"]
[EventType "tourn"]
[EventRounds "9"]
[EventCountry "AUS"]
[EventCategory "10"]
[SourceTitle "CBM 023"]
[Source "ChessBase"]
[SourceDate "1991.08.01"]
[SourceVersion "1"]
[SourceVersionDate "1991.08.01"]
[SourceQuality "1"]

1. e4 d6 2. d4 Nf6 3. Nc3 g6 4. f4 Bg7 5. Nf3 O-O 6. Bd3 Na6 7. O-O c5 8. d5
Rb8 9. a3 {9.a3 N. This gives black too free a hand on the queenside.} Nc7 10.
Qe1 Bg4 11. Qh4 b5 12. f5 gxf5 13. exf5 c4 14. Be4 Nxe4 15. Qxg4 Nf6 16. Qg3
Kh8 17. Rd1 a5 18. Ng5 b4 19. Ne2 Ncxd5 $15 20. Kh1 Qb6 21. Nd4 Ne4 22. Nxe4
Bxd4 23. Qh4 Nf6 24. axb4 axb4 25. Ng5 Be5 26. Qxc4 Qf2 27. Rf1 d5 28. Qd3 Qd4
29. Re1 Qxd3 30. cxd3 Bd6 31. Be3 Kg8 32. Bd4 Ra8 33. g4 Rxa1 34. Rxa1 Rc8 35.
Nf3 Nd7 36. g5 Nc5 37. Rc1 Rc7 38. Ne5 Nb3 39. Rxc7 Bxc7 40. Nc6 Nxd4 41. Nxd4
Be5 42. Nc6 Bxb2 43. Nxb4 e6 44. Kg2 1/2-1/2

[Event "Groningen op"]
[Site "Groningen"]
[Date "1990.??.??"]
[Round "4"]
[White "Mikhalchishin, Adrian"]
[Black "Beim, Valery"]
[Result "1/2-1/2"]
[WhiteElo "2510"]
[BlackElo "2480"]
[Annotator "King,D"]
[PlyCount "48"]
[EventDate "1990.??.??"]
[EventType "swiss"]
[EventRounds "9"]
[EventCountry "NED"]
[SourceTitle "CBM 022"]
[Source "ChessBase"]
[SourceDate "1991.06.01"]
[SourceVersion "1"]
[SourceVersionDate "1991.06.01"]
[SourceQuality "1"]

1. e4 d6 2. d4 Nf6 3. Nc3 g6 4. f4 Bg7 5. Nf3 O-O 6. Be3 Nc6 7. Be2 e6 8. Qd2 (
8. O-O b6 9. h3 Bb7 10. e5 $14 {Byrne-Lombardy, 1975.}) 8... Ne7 9. O-O-O b6
10. e5 Nfd5 11. Nxd5 Nxd5 12. Bf2 Bb7 13. h4 f6 14. c4 Ne7 15. exf6 Bxf6 16. h5
b5 17. hxg6 Nxg6 18. Be3 Qd7 19. Kb1 Be4+ 20. Bd3 Bxd3+ 21. Qxd3 bxc4 22. Qxc4
Rab8 23. Bc1 Rb5 24. Rhe1 Rd5 {25.f5 Rf5 26.Re6 d5 27.Qe2 +/=.} 1/2-1/2

[Event "Cannes Generations"]
[Site "Cannes"]
[Date "1998.??.??"]
[Round "7"]
[White "Spassky, Boris Vasilievich"]
[Black "Ponomariov, Ruslan"]
[Result "1-0"]
[WhiteElo "2535"]
[BlackElo "2580"]
[Annotator "King,D"]
[PlyCount "97"]
[EventDate "1998.02.21"]
[EventType "schev"]
[EventRounds "8"]
[EventCountry "FRA"]
[SourceTitle "CBM 065"]
[Source "ChessBase"]
[SourceDate "1998.08.06"]
[SourceVersion "1"]
[SourceVersionDate "1998.08.06"]
[SourceQuality "1"]

1. e4 {Yudasin} d6 2. d4 Nf6 3. Nc3 g6 4. f4 Bg7 5. Nf3 O-O 6. Bd3 Na6 (6... b6
$5 {Yudasin}) 7. Bxa6 {Novelty! I can find no previous examples of this move.
If anyone other than Spassky had played it I would roundly condemn the idea.
As it is - profound strategical thinking from the ex-world champion.} (7. a3 {
Yudasin} c5 8. Bxa6 cxd4 9. Nxd4 bxa6) 7... bxa6 8. O-O Rb8 {It isn't easy to
challenge White's centre.} (8... Bb7 9. Qe2 d5 10. exd5 (10. e5 $5 Ne4 11. Be3
$14) 10... Nxd5 11. Ne4 {x c5}) (8... c5 9. dxc5 Bb7 $5 {is a reasonable pawn
sacrifice.}) 9. Qe2 e6 {If Black plays like this weakening his dark squares on
the kingside, then I think White is already slightly better.} (9... Bb7 {
Yudasin} 10. e5 Nd5 11. Nxd5 Bxd5 12. Qxa6 Bxf3 13. Rxf3 dxe5 14. dxe5 Qd1+ 15.
Rf1 Qxc2 16. Qxa7 Rfd8 17. Qf2) 10. Kh1 (10. e5 {Yudasin} Nd5 (10... Nd7) 11.
Nxd5 exd5 $14 {/\Bf5,Bd7}) 10... Re8 (10... Bb7 {Yudasin} 11. e5 dxe5 12. dxe5
Nd5 13. Ne4 {/\c4}) 11. e5 Nd7 (11... Nd5 {Yudasin} 12. Ne4 (12. Nxd5 exd5 13.
c3 f6 $132)) 12. Ne4 d5 (12... Nb6 {Yudasin} 13. b3 {/\Ba3}) (12... f5 $5 {
Yudasin} 13. Ned2 Bb7 (13... a5 14. Nb3 a4 15. Na5 Rb6 16. Be3 Ba6 17. c4 c5
18. dxc5 Nxc5 19. Bxc5 dxc5 20. Rfd1 Qb8 21. Rd2 Rd8 22. Rad1 Rxd2 23. Rxd2 Bh6
$132) 14. b3 {/\Bb2,Ba3,/\c5-Nc4}) 13. Nf2 ({I prefer} 13. Nc5 $5 Nxc5 14. dxc5
Qe7 (14... d4 $6 15. Qc4 (15. Rd1) (15. Qf2)) 15. Qf2 Bd7 (15... Bb7 16. Be3)
16. b3 $14) 13... c5 14. c3 cxd4 15. cxd4 (15. Nxd4 Bb7 {followed by ...Nc5 x
e4.}) 15... Qb6 (15... a5 $5 {Yudasin} 16. Nd3 (16. g4 f6 $13) 16... Ba6) 16.
Nd3 a5 17. Bd2 Ba6 18. Bc3 a4 (18... Qb5 {Yudasin} 19. Nfe1 Nb6 $36) 19. Qd2
Rec8 (19... Qb5 {Yudasin} 20. Rfd1 Rec8 $10) 20. g4 f5 (20... Qb5 {Yudasin} 21.
Nfe1 f6 $13) 21. Rg1 ({Capturing on f5 straightaway would be premature:} 21.
gxf5 exf5 22. Rfe1 (22. h4 Nf8 23. Rg1 Bxd3 24. Qxd3 Ne6 $15) 22... Bxd3 23.
Qxd3 Nf8 $15 {[%cal Rf8e6,Re6f4] On e6 the knight is a rock and Black still
has his queenside pressure.}) 21... fxg4 (21... Nf8 $2 22. Nc5) (21... Bxd3 22.
Qxd3 Nf8 {White doesn't need to capture on f5 yet so the knight on f8 doesn't
look so clever.}) (21... Qb5 {Yudasin} 22. Rad1 Qxd3 23. Qxd3 Bxd3 24. Rxd3
fxg4 25. Rxg4 Rc6 $14) 22. Rxg4 Qb5 23. Nfe1 {Half-time oranges and Boris is
under pressure. Can the old boy conjure something on the kingside?} Rf8 (23...
Nb6 24. a3 {followed by h4 and h5.}) 24. Bb4 (24. h4 {Yudasin} Rf5) 24... Rf7 (
24... Rf5 $5 {Yudasin}) 25. Rc1 (25. Bd6 {Yudasin} Rc8 26. Rc1 Rc4 {/\Rc4-dc4,
Bb7}) 25... Qb6 (25... Rc8 {Yudasin} 26. Rxc8+ Bxc8 27. Qc3 Qc4 28. Qxc4 (28.
Kg2 Bb7 29. a3 $14) 28... dxc4 29. Nc5 Nxc5 30. Bxc5 Bb7+ 31. Kg1 Bd5 $17) 26.
Bd6 Re8 27. Nf3 $1 {This is the crucial moment in the game. Black can take the
plunge and grab a pawn, or try to ride out White's attack on the kingside.} Qb5
(27... Bxd3 $5 28. Qxd3 Qxb2 29. Rcg1 (29. Rc7 Nxe5 $19) (29. Rb1 {Yudasin}
Qxa2 30. Ng5 Rf5 31. Rb7 $146) 29... Qxa2 30. Ng5 Qc4 {and now it would be
nice to continue the attack but Black's defences appear to be adequate:} (30...
Rf5 31. Nxe6 (31. Nxh7) 31... Rxe6 32. Qxf5 gxf5 33. Rxg7+ Kh8 34. Rg8#) {
The ending offers more chances:} 31. Qxc4 (31. Qh3 h5 32. Nxf7 hxg4 33. Qxg4 (
33. Nh6+ Bxh6 34. Qxh6 Qd3 35. Rxg4 Qf3+ 36. Rg2 $11) 33... Qd3 34. Ng5 Qf5 35.
Qh4 Nf8) 31... dxc4 32. Nxf7 Kxf7 33. Rb1 $14 (33. Ra1 $14)) 28. Rc3 Nb6 29. b3
axb3 30. axb3 Rf5 (30... Qa5 {Yudasin} 31. Bb4 Qb5 32. h4 $13) 31. Nh4 Rh5 {
This was a gamble which does not pay dividends. The rook finds itself off-side.
However, White was beginning to assert himself anyway.} (31... Rf7 {Yudasin}
32. Rg3 Qa5 33. Bb4 Qb5 34. Ng2 $13) 32. h3 $1 {Nice touch. Spassky improves
the position of his king before contemplating further action.} Nc8 33. Bc5 Ne7
34. Kh2 Nc6 (34... Nf5 {Yudasin} 35. Nxf5 Rxf5 36. Bxa7 $16) 35. Qe3 Qa5 36.
Ne1 (36. Rc2 {Yudasin} Rb8) 36... Be2 (36... Qa2+ {Yudasin} 37. Rc2 Qb1 {/\Rb8}
) 37. Nef3 Bxf3 38. Qxf3 {Rh5} (38. Nxf3 {Yudasin} Rf5 $10) 38... Ne7 (38...
Qa2+ {Yudasin} 39. Kg3 Qa1 $16) 39. Bxe7 Rxe7 40. Rc8+ Kf7 (40... Bf8 {Yudasin}
41. Nxg6) 41. Qd3 {/\Ng6} Rc7 42. Rxc7+ Qxc7 43. Nxg6 $1 Qd8 44. Kg3 Qa5 45.
Qc2 {/\Nh4-Qe1,Rh4-Qc7,Qc8,Qd7-g7} Rh6 (45... Qe1+ 46. Kh2 {and game over.})
46. Nh4 Qb6 47. f5 (47. Nf3 {Yudasin} Rg6 $18 48. Rxg6 hxg6 49. Ng5+) 47... Bf8
48. f6 {It is typical of Spassky that he prefers to continue to restrict his
opponent rather then keeping the situation fluid and going for the kill. For
instance,} (48. Nf3 {is also strong.}) 48... Qb8 49. Kg2 {Black has few decent
moves at his disposal. Here's a possible concluding continuation:} (49. Kg2 Qb7
50. Nf3 Qd7 51. Qd3 Ke8 52. Qa6 Rg6 53. Rxg6 hxg6 54. Ng5) 1-0

[Event "Sydney Mercantile"]
[Site "Sydney"]
[Date "1991.??.??"]
[Round "3"]
[White "Antonio, Rogelio Jr"]
[Black "Ftacnik, Lubomir"]
[Result "1/2-1/2"]
[WhiteElo "2490"]
[BlackElo "2590"]
[Annotator "King,D"]
[PlyCount "91"]
[EventDate "1991.04.??"]
[EventType "tourn"]
[EventRounds "9"]
[EventCountry "AUS"]
[EventCategory "10"]
[SourceTitle "CBM 023"]
[Source "ChessBase"]
[SourceDate "1991.08.01"]
[SourceVersion "1"]
[SourceVersionDate "1991.08.01"]
[SourceQuality "1"]

1. e4 d6 2. d4 Nf6 3. Nc3 g6 4. f4 Bg7 5. Nf3 O-O 6. Be3 c5 7. dxc5 Qa5 8. Bd3
dxc5 9. e5 Nd5 10. Bd2 Nxc3 11. Bxc3 Qa4 {11...Qa4 N} (11... Qb6 12. Qe2 Nc6
13. O-O-O Be6 14. Bc4 Nb4 {Radulov-Vadasz, Uljma 1976.}) 12. Qd2 Bh6 13. Ng5 (
13. g3 $5) 13... Bxg5 14. fxg5 Qh4+ 15. g3 Qh5 $13 16. O-O Nc6 17. Qe3 Nd4 18.
h4 h6 19. gxh6 Bh3 20. Rf2 Rad8 21. Kh2 Be6 22. Re1 Kh7 23. Bd2 Qg4 24. Ref1
Qh3+ 25. Kg1 Bd5 26. Rh2 Qg4 27. Rhf2 Qh3 28. Rh2 Qg4 29. Rhf2 c4 30. Be2 Qh3
31. Rh2 Nxe2+ 32. Rxe2 Qh1+ 33. Kf2 Qh3 34. Bc3 Bc6 35. Qf4 Qf5 36. Ke3 Qe6 37.
Rd2 f6 38. Ke2 fxe5 39. Qxf8 Qg4+ 40. Ke1 Rxf8 41. Rxf8 Qxg3+ 42. Rdf2 Kxh6 43.
Kd2 Kh5 44. Re2 e4 45. Re3 Qg1 46. Be5 1/2-1/2

[Event "Lvov zt"]
[Site "Lvov"]
[Date "1990.??.??"]
[Round "?"]
[White "Bareev, Evgeny"]
[Black "Azmaiparashvili, Zurab"]
[Result "1-0"]
[WhiteElo "2590"]
[BlackElo "2610"]
[Annotator "King,D"]
[PlyCount "93"]
[EventDate "1990.02.??"]
[EventType "swiss"]
[EventRounds "9"]
[EventCountry "URS"]
[SourceTitle "CBM 018"]
[Source "ChessBase"]
[SourceDate "1990.10.01"]
[SourceVersion "1"]
[SourceVersionDate "1990.10.01"]
[SourceQuality "1"]

1. d4 d6 2. e4 g6 3. Nc3 Bg7 4. f4 Nf6 5. Nf3 c5 6. Bb5+ Bd7 7. e5 Ng4 8. e6
Bxb5 9. exf7+ Kd7 10. Nxb5 Qa5+ 11. Nc3 cxd4 12. Nxd4 h5 13. Qf3 Nc6 14. Nde2
Raf8 {As far as I know, this move is a novelty. It does not, however, change
the assessment of this variation: white has the better prospects because the
black king has difficulties finding a safe haven.} 15. h3 Nf6 16. O-O Kc8 17.
Be3 Rxf7 18. Rab1 Nd7 19. b4 Nxb4 20. Qe4 Bxc3 21. Qc4+ Nc6 22. Qxf7 Bf6 23.
Qxg6 Qxa2 24. Qf5 Qc4 25. Ng3 e6 26. Qe4 Qxe4 27. Nxe4 d5 28. Nd6+ Kc7 29. Nxb7
a5 30. Nc5 Nxc5 31. Bxc5 a4 32. Rfe1 Re8 33. Kh2 Bc3 34. Re3 d4 35. Rg3 Nb8 36.
Bb4 h4 37. Rf3 Bxb4 38. Rxb4 Nc6 39. Rxa4 Kd6 40. c3 e5 41. fxe5+ Rxe5 42. Rf6+
Kd5 43. cxd4 Nxd4 44. Rf4 Nf5 45. Ra5+ Ke6 46. Rxe5+ Kxe5 47. Rg4 1-0

[Event "ISR-chT"]
[Site "Israel"]
[Date "2002.04.26"]
[Round "10"]
[White "Kundin, Alexander"]
[Black "Klenburg, Mikhail"]
[Result "1-0"]
[WhiteElo "2410"]
[BlackElo "2379"]
[Annotator "Kundin,A"]
[PlyCount "137"]
[EventDate "2002.01.10"]
[EventType "team"]
[EventRounds "11"]
[EventCountry "ISR"]
[SourceTitle "CBM 088"]
[Source "ChessBase"]
[SourceDate "2002.03.21"]
[SourceVersion "1"]
[SourceVersionDate "2002.03.21"]
[SourceQuality "1"]

1. e4 d6 2. d4 Nf6 3. Nc3 g6 4. f4 Bg7 5. Nf3 c5 6. dxc5 Qa5 7. Bd3 Qxc5 8. Qe2
O-O 9. Be3 Qb4 $5 {An interesting move which leads to a complicated position.}
(9... Qa5) 10. O-O Qxb2 11. Nb5 Ne8 12. e5 Qb4 13. Nxa7 Nc6 14. Rfb1 $146 (14.
Rab1 {The common move which gives white an edge due to his bishops pair.} Qa5
15. Nxc8 Rxc8 16. Rxb7 dxe5 (16... Qxa2 $14) 17. fxe5 Qxa2 $14 (17... Nxe5 18.
Rxe7 $16)) 14... Qa5 $6 (14... Qc3 $1 15. Nxc6 Qxc6 16. c4 $14) {[%tqu "En",
"Find a good move.","","","a7c6","",10,"a7c8","",0]} 15. Nxc6 $1 (15. Nxc8 Rxc8
16. Rxb7 $14) 15... bxc6 16. a4 $16 {[%cal Ga4a8]} dxe5 (16... Bg4 17. Bb6 Qc3
18. Qe1 $1 Qxe1+ 19. Rxe1 Bxf3 20. gxf3 Bh6 21. Re4 Ng7 22. a5 $16 {[%csl Yb6,
Yd3][%cal Ga5a8] And due to a strong passed pawn and two bishops white has a
serious advantage.}) (16... Ba6 17. Bb6 Bxd3 18. Qxd3 Qa6 (18... Qd5 19. a5 $16
) 19. Qxa6 Rxa6 20. Bd8 $1 $18) 17. Bb6 Qc3 18. Nxe5 Nd6 {[%tqu "En","What is
the best continuation?","","","e2e1","Transfering the game into a diffucult
endgame for black.",10]} 19. Qe1 $1 {Transfering the game into a diffucult
endgame for black.} Qxe1+ 20. Rxe1 Be6 21. a5 Rfc8 22. Ra4 $1 {Black has no
counterplay against further extension - c4, Kf2 etc.} Nb5 (22... c5 23. c4 Ra6
24. Kf2 $16) 23. c4 Na7 24. Be4 Kf8 25. Rd1 $18 Bxe5 (25... Ke8 26. Kf2 $18)
26. fxe5 Ke8 27. Kf2 Bd7 28. Ra3 Be6 29. Ra4 Bd7 30. Rd2 (30. Ke3 c5 31. Ra2
Bc6 {With some chances}) 30... Rcb8 (30... c5 31. Bxa8 Bxa4 32. Bb7 Rb8 33. Bc7
$18) 31. Ra1 Be6 (31... Nc8 32. Bc7 Rb7 33. Bxc6 $18) 32. Rd4 (32. Bxa7 Rxa7
33. Bxc6+ Kf8 34. Bd5 $18 {The position is won but I didn't want to get into a
rook endgame where always there are chances for a draw.}) 32... Rc8 33. Rad1 f6
34. exf6 exf6 {[%tqu "En","Find the best move.","","","d4d6","",0]} 35. Bc5 $6
$138 (35. Rd6 $1 {Could finish the game instantly.} Bxc4 (35... Ke7 36. Bc5) (
35... Kf7 36. Rd7+) 36. Rd7 Bd5 (36... Nb5 37. Rxh7 $18 {[%csl Ge8]}) 37. Rxh7
{[%csl Ge8]} Bxe4 38. Rdd7 {/\Rhf7} c5 39. Bxa7 Bf5 40. Rb7 $18) 35... Rc7 36.
Rd6 Kf7 37. Bb6 Re7 38. Rd8 Rxd8 39. Bxd8 Rb7 40. c5 Rb2+ 41. Ke3 Bg4 42. Rb1
Rxb1 (42... Re2+ {Was the last chance} 43. Kd3 (43. Kf4 $2 Rxe4+) 43... f5 (
43... Rxe4 44. Rb7+ Ke8 45. Kxe4 $18) 44. Bf3 Bxf3 45. gxf3 Ra2 46. Rb7+ Ke8
47. Rxa7 Kxd8 48. Kd4 (48. a6 Ra4 49. Rxh7 Rxa6 50. Kd4 Ra3 51. f4 Ra4+ 52. Ke5
Re4+ 53. Kd6 Rd4+ 54. Kxc6 Rxf4 $16) 48... Rxh2 49. Ke5 {Probably winning.})
43. Bxb1 Bc8 44. Ba2+ Kg7 45. Bc4 Bb7 (45... Nb5 46. Bxb5 cxb5 47. c6 Kf7 48.
Kd4 $18) 46. g3 $2 $138 (46. a6 Bc8 (46... Ba8 47. Be6 f5 48. Bb6 Nb5 49. Bc8
$18) 47. Bb6 Nb5 48. a7 Bb7 49. g4 $18 {/\Be6-c8, Ke4}) 46... Nb5 47. Kd2 Ba6
48. Bf1 Nc7 49. Bg2 Ne6 50. Bb6 Nd4 51. Kc3 Nb5+ 52. Kd2 Nd4 53. Ke3 Nf5+ 54.
Kf2 Nd4 55. Bf1 Nb5 56. Ke3 Kf7 57. Bg2 Bb7 58. Bd8 Ke6 59. Bf1 Kd5 (59... Ba6
60. Bc4+ Ke5 {With chances for a draw.}) 60. Bxf6 Kxc5 61. Kf4 Kb4 62. Bd8 c5
63. Be7 $1 Nc7 (63... Kxa5 64. Bxc5 Nc3 65. Bd4 Nb5 66. Be5 Kb4 67. Kg5 Be4 68.
Kh6 Kc5 69. Kxh7 $18) 64. Ke5 Kxa5 $2 (64... Na6 {Could not save the game due
to} 65. Kf6 Kxa5 66. Kg7 Kb6 67. Kxh7 Be4 68. Bc4 Nb8 69. Bf7 Nc6 70. Bf6 g5+
71. Bg6 Bxg6+ 72. Kxg6 Nd4 (72... c4 73. h4 (73. Kxg5) 73... gxh4 74. gxh4 c3
75. Bxc3 Ne7+ 76. Kf7 Nf5 77. h5 Kc6 78. Kf6 Nh6 79. Bd2 Ng4+ 80. Kf5) 73. Bxg5
Nf3 (73... c4 74. h4 $18) 74. h4 Nxg5 75. Kxg5 Kb5 (75... c4 76. Kf4 Kc5 77.
Ke3) 76. h5 c4 77. Kf4 Kb4 78. h6 c3 79. Ke3 Kb3 80. h7 c2 81. Kd2 Kb2 82.
h8=Q+) 65. Bd8 Kb4 66. Bxc7 c4 67. Kf6 (67. Kf4) 67... Be4 68. Kg5 h5 69. Bh3
1-0